Senryū Edo meisho zue

Saved in:
Bibliographic Details
Corporate Author: Shibundō. Henshūbu.
Format: Book
Language:Japanese
Published: Tōkyō, Shibundō, Shōwa 45 i.e. 1970]
Subjects:
Tags: Add Tag
No Tags, Be the first to tag this record!
LEADER 00731nam a2200217u 4500
001 007795037-2
005 20024617120653.0
008 931123s1970 ja a 000 0 jpn d
035 0 |a ocm29373230 
040 |a MoSW  |c MoSW  |d *YNH*  |d CStRLIN 
245 0 0 |6 880-01  |a Senryū Edo meisho zue  |c [Shibundō Henshūbu. 
260 |6 880-02  |a Tōkyō,  |b Shibundō,  |c Shōwa 45 i.e. 1970] 
300 |a 453 p.  |b illus. (part col.) 
650 0 |a Senryu. 
651 0 |a Tokyo (Japan)  |x Pictorial works. 
710 2 |6 880-03  |a Shibundō.  |b Henshūbu. 
880 0 0 |6 245-01  |a 川柳江戶名所図会  |c [至文堂編集部. 
880 |6 260-02  |a 東京,  |b 至文堂,  |c 昭和45 i.e. 1970] 
880 2 |6 710-03  |a 至文堂.  |b 編集部. 
988 |a 20021217 
906 |0 OCLC